¡Nosotros sí podemos hacerlo! / (Record no. 175396)

MARC details
000 -CABECERA
campo de control de longitud fija 00635nam a2200205 u 4500
005 - FECHA Y HORA DE LA ÚLTIMA TRANSACCIÓN
campo de control 20210223132618.0
008 - ELEMENTOS DE LONGITUD FIJA--INFORMACIÓN GENERAL
campo de control de longitud fija 150508s1997 r 000 0 eng d
020 ## - NÚMERO INTERNACIONAL NORMALIZADO PARA LIBROS
Número Internacional Estándar del Libro 1887734376
035 ## - NÚMERO DE CONTROL DEL SISTEMA
Número de control de sistema UPN01000203295
049 ## - COLECCIÓN
Colección I
050 #4 - SIGNATURA TOPOGRÁFICA DE LA BIBLIOTECA DEL CONGRESO
Número de clasificación HV888
Número de documento/Ítem D9.6
100 1# - ASIENTO PRINCIPAL--NOMBRE PERSONAL
Nombre de persona Dwight, Laura
9 (RLIN) 37239
245 11 - MENCIÓN DE TÍTULO
Título ¡Nosotros sí podemos hacerlo! /
Mención de responsabilidad, etc. Laura Dwight ; tr. María A. Fiol.
260 ## - PUBLICACIÓN, DISTRIBUCIÓN, ETC.
Lugar de publicación, distribución, etc. New York :
Nombre del editor, distribuidor, etc. Star Bright Books,
Fecha de publicación, distribución, etc. 1997.
300 ## - DESCRIPCIÓN FÍSICA
Extensión [36] p. :
Otras características físicas principalmente il . col.
650 #4 - ASIENTO SECUNDARIO DE MATERIA - TERMINO TEMATICO
Término de materia o nombre geográfico como elemento de entrada NIÑOS CON DISCAPACIDAD -
Subdivisión de forma LITERATURA INFANTIL
9 (RLIN) 21632
650 #4 - ASIENTO SECUNDARIO DE MATERIA - TERMINO TEMATICO
Término de materia o nombre geográfico como elemento de entrada PERSONAS CON DISCAPACIDAD
905 ## - TIPO DE MATERIAL
Tipo de material Infantil
Holdings
Estado de retiro Estado de pérdida Fuente del sistema de clasificación o colocación Estado dañado No para préstamo Código de colección Localización permanente Ubicación/localización actual Ubicación en estantería Fecha de adquisición Clasificación Código de barras Fecha visto por última vez Número de copia Tipo de ítem Koha
    Library of Congress Classification     Infantil Bib. Gregorio Torres Quintero Bib. Gregorio Torres Quintero Sala infantil Planta baja 11/05/2023 HV888 D9.6 304143 31/12/2020 1 Libro